| 000 | 00912nam a2200265 a 4500 | ||
|---|---|---|---|
| 001 | 000025525 | ||
| 003 | DO-SdBPM | ||
| 005 | 20250509094700.0 | ||
| 008 | 110217s1984 dr 001 0 spa d | ||
| 040 |
_aDO-SdBNP _bspa _cBPMSU _e |
||
| 082 | 4 |
_a972.94 _bB439n 1984 _222 |
|
| 100 | 1 |
_aBellegarde, Dantes _d1877-1966 |
|
| 245 | 1 | 3 |
_aLa nación haitiana / _cDantes Bellegarde. |
| 260 |
_aSanto Domingo : _bSociedad Dominicana de Bibliófilos, _c1984. _f |
||
| 300 |
_a429 p. ; _c25 cm. |
||
| 490 | 0 |
_aSociedad Dominicana de bibliófilos. _acultura dominicana, _v54 |
|
| 500 | _aIncluye referencias bibliográficas y notas al pie de las páginas. | ||
| 504 | _aBibliografía: p. 411-420. | ||
| 590 | _aInventariado, 2025/VM | ||
| 651 | 4 |
_aHaití _xHistoria |
|
| 651 | 4 |
_aHaití _xPolítica y gobierno |
|
| 651 | 4 |
_aHaití _xCondiciones sociales |
|
| 910 | _aVMateo V. Control de calidad. BPMSU | ||
| 942 |
_2ddc _cBK |
||
| 999 |
_c15045 _d15045 |
||